Najstarsi Zawodnicy w Kadrach Drużyn Euro 2024 - Statystyki

Ogólne statystyki
  • Ten quiz został rozwiązany 122 razy
  • Średni wynik to 11 z 24
Statystyki odpowiedzi
Kraj Wiek Pozycja Zawodnik % Poprawnych
Niemcy 38 BR Manuel Neuer
97%
Chorwacja 38 ŚP Luka Modric
85%
Polska 36 LS Kamil Grosicki
83%
Portugalia 41 ŚO Pepe
83%
Francja 37 N Olivier Giroud
74%
Szwajcaria 35 BR Yann Sommer
71%
Dania 37 BR Kasper Schmeichel
60%
Anglia 34 PO Kyle Walker
60%
Belgia 37 ŚO Jan Vertonghen
56%
Austria 35 N Marko Arnautovic
56%
Hiszpania 38 PO Jesus Navas
53%
Serbia 35 ŚPO Dusan Tadic
40%
Holandia 34 ŚO Daley Blind
39%
Czechy 31 PO Vladimir Coufal
34%
Słowenia 36 ŚPO Josip Ilicic
33%
Ukraina 34 ŚPD Taras Stepanenko
25%
Słowacja 37 PO Peter Pekarik
20%
Albania 35 BR Etrit Berisha
19%
Węgry 34 PO Attila Fiola
17%
Włochy 34 PO Matteo Darmian
17%
Turcja 35 BR Mert Gunok
17%
Rumunia 36 BR Florin Nita
11%
Gruzja 38 BR Giorgi Loria
10%
Szkocja 41 BR Craig Gordon
9%
Nie znaleziono quizów pasujących do podanych kryteriów
Rozkład punktacji
Procent ludzi z każdym wynikiem
Percentyl według liczby udzielonych odpowiedzi
Twoja historia wyników
Nie rozwiązałeś tego quizu